| 000 | 00713cam a22002413a 4500 | ||
|---|---|---|---|
| 001 | 20801 | ||
| 003 | PGUSA | ||
| 005 | 20140828083437.0 | ||
| 008 | 070312s2007||||xxu|||||s|||||000 | eng d | ||
| 040 |
_aPGUSA _beng |
||
| 042 | _adc | ||
| 050 | 4 | _aBX | |
| 100 | 1 |
_aButler, Joseph, _d1692-1752 |
|
| 245 | 1 | 0 |
_aSome Remains (hitherto unpublished) of Joseph Butler, LL.D. _h[electronic resource] / _cJoseph Butler |
| 260 |
_bProject Gutenberg, _c2007 |
||
| 506 | _aPublic domain in the USA. | ||
| 516 | _aElectronic text | ||
| 653 | _aButler, Joseph, 1692-1752 | ||
| 700 | 1 |
_aSteere, Edward, _d1828-1882 |
|
| 830 | 0 |
_aProject Gutenberg _v20801 |
|
| 856 | 4 | 0 | _uhttp://www.gutenberg.org/ebooks/20801 |
| 942 | _cEB | ||
| 999 |
_c250056 _d250056 |
||